Microwave and RF product applications

Sparad:
Bibliografiska uppgifter
Materialtyp: Bok
Språk:Undetermined
Publicerad: Boca Raton, FL CRC Press 2003
Ämnen:
Taggar: Lägg till en tagg
Inga taggar, Lägg till första taggen!
Thư viện lưu trữ: Trung tâm Học liệu Trường Đại học Cần Thơ
LEADER 00483nam a2200169Ia 4500
001 CTU_58145
008 210402s9999 xx 000 0 und d
082 |a 621.384 
082 |b M626 
245 0 |a Microwave and RF product applications 
245 0 |c Edited by Mike Golio 
260 |a Boca Raton, FL 
260 |b CRC Press 
260 |c 2003 
650 |a microwave communication systems,radio frequency 
904 |i Minh 
980 |a Trung tâm Học liệu Trường Đại học Cần Thơ